000 00279nam a2200097 a 4500
005 20201002052306.0
008 150413s1995 000 spa d
245 0 _aManual de historia crítica Dominicana.
260 _aSanto Domingo, República Dominicana,
_c1995.
999 _c45003
_d45003
040 _aDO-SdBNP